[Event "Campeonato de España Absoluto"]
[Site "Ayamonte"]
[Date "2007.11.10"]
[Round "2"]
[White "Illescas Cordoba, Miguel"]
[Black "Fernandez Siles, Luis"]
[Result "1-0"]
[WhiteElo "2598"]
[BlackElo "2310"]
[PlyCount "119"]
[SourceDate "2007.11.09"]

1. d4 d5 2. Nf3 Nf6 3. c4 c6 4. e3 a6 5. Nc3 b5 6. b3 Bg4 7. h3 Bxf3 8. Qxf3 e5
9. c5 (9. dxe5 Ne4 (9... Bb4 10. Bd2 Bxc3 11. Bxc3 Ne4 12. Bb4 bxc4 13. bxc4
Qb6 14. a3 a5 15. cxd5 cxd5 16. Bd2 Qb2 17. Rd1 Nc6 18. a4 O-O 19. Bd3 Nxe5 20.
Qe2 Qa2 21. Bxe4 dxe4 22. Bc3 Nd3+ 23. Kf1 Qxa4 24. Ra1 Qc4 25. Bd4 a4 26. Kg1
f5 27. Kh2 Qc7+ 28. g3 Rfc8 29. Ra3 Qc2 30. Ra2 Qxe2 31. Rxe2 a3 32. g4 fxg4
33. hxg4 Nc1 34. Ree1 Nb3 35. Re2 Rc1 36. Rxc1 Nxc1 37. Rc2 Nb3 38. Be5 Ra7 39.
Ra2 Nc1 40. Ra1 Nd3 41. Bd4 Ra4 42. Ra2 Kf7 43. Kg3 g6 44. Rc2 Ke6 45. Rc7 a2
46. Ba1 Kd5 47. Rxh7 Nc5 48. Kf4 Nb3 49. Rh1 Nxa1 50. Rxa1 Ra6 51. g5 Ra4 52.
Rd1+ Ke6 53. Ra1 Kd6 54. Rd1+ Ke7 55. Ra1 Ke6 56. Kg4 Ke5 57. f4+ exf3+ 58.
Kxf3 Kf5 59. Ke2 Kxg5 60. Kd3 Kf5 {0-1 Dlugy,M-Bologan,V/New York 1993/TD}) 10.
Nxe4 dxe4 11. Qd1 (11. Qxe4 Bb4+ 12. Ke2 Bc3 13. Rb1 O-O)) 9... Nbd7 10. Qd1 (
10. Bd2 b4 11. Na4 a5 12. O-O-O Be7 13. Qe2 O-O 14. Be1 Ne8 15. f3 Nc7 16. h4
f5 17. g3 Nb5 18. f4 exd4 19. exd4 Kh8 20. Bh3 g6 21. h5 g5 22. fxg5 Bxg5+ 23.
Kb1 Qf6 24. Qd3 Rae8 25. Bf2 Re4 26. Rhf1 Qe7 27. Bg1 f4 28. gxf4 Rfxf4 29.
Rxf4 Bxf4 30. Bf5 Re1 31. Bf2 Rxd1+ 32. Qxd1 Bh6 33. Bd3 Qf6 34. Qe2 Nxd4 35.
Qe8+ Nf8 36. Bg3 Nde6 37. Qxc6 Qg5 {0-1 Belunek,V-Tolstikh,N/Zlin 1996/EXT 99})
(10. a4 Be7 11. b4 O-O 12. Be2 Re8 13. O-O Nf8 14. Qg3 N6d7 15. Bb2 Bh4 16. Qh2
Bf6 17. Rfd1 Ne6 18. axb5 axb5 19. Rxa8 Qxa8 20. Bg4 exd4 21. exd4 Bxd4 22. Qd6
Ne5 23. Rxd4 Nxd4 24. Nxd5 cxd5 25. Bxd4 Nxg4 26. hxg4 Qb8 27. Be3 Qxd6 28.
cxd6 Rd8 29. Bc5 f6 30. f4 Kf7 31. f5 Ke8 32. Kf2 Kd7 33. Bb6 Re8 34. Bc5 Re4
35. Kf3 Kc6 36. Kg3 g5 37. fxg6 hxg6 38. Kf3 Re6 39. g5 fxg5 {
0-1 Hebbes,T-Coleman,J/London 2004/EXT 2006}) 10... g6 11. Be2 Bg7 12. O-O O-O
13. Bf3 Re8 14. Qc2 exd4 15. exd4 Nf8 16. Be3 Ne6 17. Rfd1 Ra7 18. b4 a5 19.
bxa5 Qxa5 20. a4 b4 21. Ne2 Nd7 22. Nc1 f5 23. Nb3 Qc7 24. a5 Ndf8 ({mejor} 
24... f4 25. Bc1 Ng5 (25... Ndxc5 26. dxc5 Bxa1 27. Nxa1 Qxa5 28. Nb3 Qc7 29.
Bd2 $16) 26. Qd3 Nxf3+ 27. Qxf3 Re4) 25. Ra4 Rb8 26. Bc1 Bf6 27. Be2 Qg7 28.
Qd3 {Diagrama #} Ng5 $2 (28... Nd7) 29. Bxg5 Bxg5 30. Qg3 Re8 31. Bf1 Bd8 (
31... Bf6 32. Rxb4) (31... Ne6 32. Rxb4) 32. Qb8 $18 Qd7 33. Qxb4 Bc7 34. a6
Bb8 35. Nd2 g5 36. Ra3 Ng6 37. Qb1 Qc7 38. Rg3 Qe7 39. Re3 Qd8 40. Rxe8+ Qxe8
41. Nf3 (41. Qxf5) 41... g4 42. Re1 Qf8 43. Ng5 gxh3 44. Nxh3 Rg7 45. Qb6 Nh4
46. Kh1 Qc8 47. Rb1 Ba7 48. Qa5 Re7 49. Qd2 Ng6 50. Qg5 Bb8 51. Kg1 Kg7 52. Bd3
Rf7 53. Qh5 h6 54. g3 Ne7 55. Rb7 Bc7 56. Kg2 Ng6 57. Bxf5 Rxf5 58. Rxc7+ Qxc7
59. Qxf5 Qa7 60. Qc8 1-0

[Event "Campeonato de España Absoluto"]
[Site "Ayamonte"]
[Date "2007.11.10"]
[Round "2"]
[White "Gomez Esteban, Juan"]
[Black "Moreno Ruiz, Javier"]
[Result "1/2-1/2"]
[WhiteElo "2490"]
[BlackElo "2466"]
[PlyCount "103"]
[EventDate "2007.??.??"]
[SourceDate "2007.11.09"]

1. e4 c5 2. Nf3 Nc6 3. d4 cxd4 4. Nxd4 g6 5. c4 Bg7 6. Be3 Nf6 7. Nc3 O-O 8.
Be2 d6 9. O-O Bd7 10. Qd2 Nxd4 11. Bxd4 Bc6 12. Bd3 a5 13. Rfe1 Nd7 (13... Re8
14. Nd5 Nd7 15. Bxg7 Kxg7 16. Re3 e5 17. Be2 Bxd5 18. Qxd5 Nc5 19. Bg4 Ra6 20.
Rd1 Rf8 21. Qd2 Qg5 22. Bh3 Rb8 23. Qe2 Qe7 24. b3 Rb6 25. Qb2 Rc6 26. f4 b5
27. cxb5 Rxb5 28. g3 Rb4 29. Bg2 a4 30. fxe5 dxe5 31. Rd5 axb3 32. axb3 Nd7 33.
Bh3 Nf6 34. Rxe5 Qc7 35. Rd5 Rc2 36. Qe5 Qb6 {
0-1 Krasenkow,M-Nielsen,P/Germany 1998/GER-chT}) 14. Bxg7 Kxg7 15. Re3 h6 16.
Rh3 (16. b3 Qb6 17. Nd5 Qd4 18. Rd1 e5 19. Nc3 Nf6 20. Bc2 Qxd2 21. Rxd2 Rfd8
22. f3 Kf8 23. a3 Ke7 24. b4 axb4 25. axb4 b6 26. Red3 Ra1+ 27. Kf2 Rc1 28. c5
bxc5 29. bxc5 Ne8 30. Bb3 Rd7 31. Bd5 Bxd5 32. Nxd5+ Kf8 33. Nb6 Rd8 34. Rd5 f6
35. cxd6 Rc6 36. d7 {1/2-1/2 Sorokin,M-Spangenberg,H/Buenos Aires 1994/CBM 042}
) 16... Rh8 17. Bf1 a4 18. Qd4+ f6 19. Re1 Qa5 20. Rhe3 Rad8 21. f4 Qc5 22. Qd2
e5 23. f5 g5 {
El juego se ha bloqueado, el negro tiene d6 débil pero un mejor alfil} 24. Kh1
{Diagrama #} Qb4 25. a3 Qc5 26. Nd1 ({una extraña maniobra, a considerar} 26.
Qd1 Nb6 27. Nd5) 26... Nb6 27. Rc3 Rc8 28. Qe2 Rhd8 29. Nf2 Be8 30. Nd3 Qa5 31.
Rec1 Nd7 {
La curiosa consecuencia es que el blanco defiende c4 en lugar de atacar d6} 32.
Nb4 {Diagrama #} Bf7 33. Qe3 Nc5 34. Rd1 Nb3 35. h3 Qc5 36. Qe1 Qb6 37. Be2 Rc5
38. Bd3 Rdc8 39. Qf1 Na5 40. Rdc1 Nb3 41. R1c2 Nd4 42. Rf2 Qc7 43. Qd1 Qd7 44.
Nc2 Bxc4 {forzando una simplificación para igualar} 45. Nxd4 exd4 46. Rxc4 Rxc4
47. Bxc4 Rxc4 48. Rd2 Qc7 49. Qh5 Qf7 50. Qd1 Qc7 51. Qh5 Qf7 52. Qd1 1/2-1/2

[Event "Campeonato de España Absoluto"]
[Site "Ayamonte"]
[Date "2007.11.10"]
[Round "2"]
[White "San Segundo Carrillo, Pablo"]
[Black "Lariño Nieto, David"]
[Result "1/2-1/2"]
[WhiteElo "2536"]
[BlackElo "2428"]
[PlyCount "120"]
[EventDate "2007.??.??"]
[SourceDate "2007.11.09"]

1. d4 e6 2. c4 c5 3. Nf3 Nf6 4. g3 cxd4 5. Nxd4 e5 6. Nb5 d5 7. cxd5 Bc5 8.
N5c3 Qb6 9. e3 Bg4 10. Qa4+ Bd7 11. Qb3 Qxb3 12. axb3 Bf5 13. f3 Bc2 14. Bc4 e4
15. Na3 Bxa3 16. bxa3 exf3 17. O-O ({mejor} 17. Nb5 Kd7 (17... Na6 18. Nd6+)
18. O-O Na6 19. Nd4 Be4 20. Nxf3) 17... Nbd7 18. Rxf3 O-O 19. Bb2 Ne5 20. Rf4
Nfg4 21. Nb5 {Diagrama #} g5 {intentando complicar ante su clara inferioridad}
22. Bxe5 $1 gxf4 (22... Nxe5 23. Rf2) 23. Bxf4 {dos peones, pareja de alfiles,
un peón pasado y casillas para el Cb5 son una gran compensación por la calidad}
a6 24. Nc7 Rad8 25. h3 Nf6 26. Bh6 ({mejor que} 26. Bg5 Rd6 27. Rf1 Ne4 28. Bf4
(28. Be7 Rc8 29. Bxd6 Nxd6 30. Rc1 Be4 31. Bf1 Bxd5 32. b4 Bc4 33. Rd1 Bxf1 34.
Kxf1 Ne4 35. Nd5 Rc2) 28... Rb6) 26... Rd7 27. Bxf8 Kxf8 28. Rf1 b5 $2 {
Diagrama #} (28... Kg7) 29. Be2 ({ganaba} 29. Ne6+ Ke7 30. Nd4 bxc4 31. bxc4
Nxd5 32. Nxc2 Rc7 33. cxd5 Rxc2 34. d6+ Ke6 35. Rd1 Kd7 36. Rd3 h5 37. Kf1 $18)
29... Rd6 30. Ne6+ (30. Bf3 $1) 30... Ke7 31. Nd4 Be4 32. Nf5+ (32. g4 Rxd5 33.
h4 h6 34. b4 $18) 32... Bxf5 33. Rxf5 Nxd5 34. a4 (34. Re5+ Kf6 35. Re8 $16)
34... Ke6 35. Rh5 Nf6 36. Bg4+ Nxg4 37. hxg4 Rd5 38. Rh6+ f6 39. Rxh7 bxa4 40.
bxa4 Ra5 41. Kf2 Rxa4 42. Kf3 a5 43. Rh5 Ra1 44. Rb5 a4 45. g5 a3 46. Rb6+ Ke5
47. Rb5+ Ke6 48. Rb6+ Ke5 49. Rb5+ Kd6 50. Ke4 a2 51. Rb6+ Kc5 52. Ra6 fxg5 53.
g4 Kc4 54. Ra8 Kc3 55. Ra7 Kb3 56. Rb7+ Kc2 57. Ra7 Kd2 58. Ra8 Ke2 59. Ra7 Kf2
60. Kf5 Kxe3 1/2-1/2

[Event "Campeonato de España Absoluto"]
[Site "Ayamonte"]
[Date "2007.11.10"]
[Round "2"]
[White "Narciso Dublan, Marc"]
[Black "Andres Gonzalez, Alberto"]
[Result "1/2-1/2"]
[WhiteElo "2546"]
[BlackElo "2435"]
[PlyCount "102"]
[EventDate "2007.??.??"]
[SourceDate "2007.11.09"]

1. d4 Nf6 2. c4 e6 3. Nc3 Bb4 4. Qc2 O-O 5. a3 Bxc3+ 6. Qxc3 b5 7. cxb5 c6 8.
a4 Ne4 (8... Bb7 9. Bg5 cxb5 10. axb5 a6 11. Bxf6 Qxf6 12. e3 Rc8 13. Qd2 axb5
14. Rxa8 Bxa8 15. f3 e5 16. dxe5 Qxe5 17. Bd3 Na6 18. Ne2 Nc5 19. Bb1 Re8 {
1/2-1/2 Arlandi,E-Adler,J/Kiljava 1984/EXT 2000}) (8... a6 9. Bg5 axb5 10. a5
Na6 11. Nf3 c5 12. dxc5 Ne4 13. Bxd8 Nxc3 14. Bb6 Na4 15. e3 N6xc5 16. Bxc5
Nxc5 17. b4 Na6 18. Rb1 Bb7 19. Bd3 Bxf3 20. gxf3 Rab8 21. Kd2 Rfc8 22. h4 Kf8
23. h5 Ke7 24. Rh4 g6 25. hxg6 hxg6 26. f4 d5 27. Rh7 Kf6 28. f3 Rc7 29. Rhh1
Ke7 30. Rb3 Kd6 31. e4 Rc4 32. Rhb1 Rcc8 33. Rc3 Rxc3 34. Kxc3 dxe4 35. fxe4 e5
36. Rf1 f6 37. Rg1 exf4 38. Rxg6 Ke5 39. Rh6 Rc8+ 40. Kb3 Nc7 41. Rh5+ Kd4 42.
Bf1 Rg8 43. Rf5 Kxe4 44. Rxf6 Rg1 45. Rc6 Rxf1 46. Rxc7 Rb1+ 47. Kc2 Rxb4 48.
a6 Ra4 49. a7 f3 50. Kb3 f2 51. Rf7 Ke3 52. Re7+ Kd2 53. Rf7 Ke2 54. Re7+ Kf1
55. Rf7 Ra1 56. Kb2 {1/2-1/2 Anastasian,A-Dizdar,G/Gothenburg 2005/CBM 109}) 9.
Qc2 d5 10. Nf3 cxb5 11. axb5 Bd7 12. e3 Qb6 13. Bd3 (13. Qa4 Nd6 14. Qa5 Qb7
15. Qb4 Nc4) 13... Bxb5 14. Qb3 Nd6 15. Bxb5 Nxb5 16. Ne5 f6 ({mejor} 16... Rc8
17. O-O Nc6) 17. Nd3 Nd7 18. Bd2 Rfc8 19. O-O Nd6 20. Qa4 Qc6 (20... Qb5) 21.
Bb4 Nc4 (21... Qxa4 22. Rxa4 Nb5) 22. b3 Nd6 23. Bxd6 Qxd6 24. Rfc1 Nb6 25. Qb5
Rxc1+ 26. Rxc1 Rb8 (26... e5) 27. g3 (27. Qa6 Qe7) 27... e5 28. dxe5 fxe5 29.
Rc6 Qe7 30. Qc5 Re8 (30... Qxc5 31. Rxc5) 31. Rc7 Qxc5 32. Nxc5 {Diagrama #}
Rc8 {la presión blanca se ha diluido y el final acerca el empate} 33. Rxc8+
Nxc8 34. e4 dxe4 35. Nxe4 Kf7 36. Kf1 h6 37. Ke2 Ke6 38. Kd3 Nd6 39. Nc3 a5 40.
g4 Kd7 41. Ne2 Kc6 42. f4 exf4 43. Nxf4 Kc5 44. Ne6+ Kb4 45. Kc2 Ne4 46. Nxg7
Nf2 47. h3 Nxh3 48. Nf5 Nf2 49. Nxh6 a4 50. bxa4 Nxg4 51. Nxg4 Kxa4 1/2-1/2

[Event "Campeonato de España Absoluto"]
[Site "Ayamonte"]
[Date "2007.11.10"]
[Round "2"]
[White "Oms Pallise, Josep"]
[Black "Llaneza Vega, Marcos"]
[Result "1/2-1/2"]
[WhiteElo "2506"]
[BlackElo "2426"]
[PlyCount "138"]
[EventDate "2007.??.??"]
[SourceDate "2007.11.09"]

1. d4 Nf6 2. c4 g6 3. Nc3 d5 4. Nf3 Bg7 5. cxd5 Nxd5 6. Na4 {
apartándose de los senderos teóricos} c6 7. e4 Nc7 8. h3 O-O 9. Be2 Ne6 10. Be3
f5 11. e5 f4 12. Bc1 c5 13. d5 (13. Nxc5 Nxc5 14. dxc5 Qxd1+ 15. Bxd1 Nd7)
13... Nd4 {el negro resolvió excelentemente la apertura} 14. Nc3 (14. Nxd4 cxd4
15. Bf3 (15. Qxd4 Nc6) 15... Bxe5) 14... Nxf3+ ({se imponía} 14... Nd7 $1 15.
Nxd4 cxd4 16. Qxd4 Nxe5 {con ventaja}) 15. Bxf3 Bxe5 16. O-O Nd7 (16... Bf5 $5)
17. Re1 Qb6 18. Bg4 Bd6 19. Be6+ Kg7 20. b3 Be5 ({mejor} 20... Ne5 21. Bb2 Bxe6
22. dxe6 Nc4 23. Bc1 Be5 24. Qc2 Qb4) 21. Bb2 Bf6 22. Qc2 Ne5 23. Na4 Qc7 24.
Nxc5 $18 b6 {Diagrama #} 25. Qe4 $2 (25. Bxc8 Qxc5 26. Qxc5 bxc5 27. Rxe5 Raxc8
28. Rxe7+ Rf7 29. Bxf6+ Kxf6 30. Re6+ Kg5 31. Rae1 $18) 25... Nf3+ 26. Qxf3
Bxb2 27. Rab1 Qxc5 28. Rxb2 Bxe6 29. dxe6 Rad8 30. Rbe2 $14 Rf5 31. Re4 Rd2 32.
Rxf4 Rxa2 33. Rxf5 (33. b4 Rxf4 34. Qxf4 Qf5 35. Re4 $14) 33... Qxf5 34. Qe3
Qf6 $11 35. g3 Ra1 36. Rxa1 Qxa1+ 37. Kg2 Kf6 38. Qh6 Qe5 39. Qh4+ Kxe6 40.
Qxh7 Qe4+ 41. Kh2 a5 42. h4 Qf5 43. Qg8+ Kd7 44. Kg2 b5 45. Qa8 b4 46. Qb7+ Ke6
47. Qc6+ Kf7 48. Qc4+ Kf6 49. g4 Qe6 {Diagrama #} 50. Qf4+ $6 (50. Qd4+ Kf7 51.
Qd1) 50... Kg7 51. Qg5 $6 (51. Qd4+ Qf6 52. Qd5 Qxh4 53. f3 Qe1 54. Qxa5 Qd2+
55. Kh3 Qf4 56. Qd5) 51... Qxb3 $2 (51... a4 52. bxa4 b3 $19) 52. Qxe7+ Qf7 53.
Qe5+ Kh7 54. Qxa5 Qb7+ 55. Kg3 b3 56. h5 b2 57. hxg6+ Kxg6 58. Qf5+ Kg7 59.
Qe5+ Kf7 60. Qf5+ Ke8 61. Qe5+ Kd8 62. Qh8+ Kc7 63. Qe5+ Kc6 64. Qc3+ Kd6 65.
Qf6+ Kc5 66. Qc3+ Kd6 67. Qf6+ Kd7 68. Qg7+ Kc8 69. Qh8+ Kc7 1/2-1/2

[Event "Campeonato de España Absoluto"]
[Site "Ayamonte"]
[Date "2007.11.10"]
[Round "2"]
[White "Del Rio de Angelis, Salvador"]
[Black "Llanes Hurtado, Miguel"]
[Result "1/2-1/2"]
[WhiteElo "2512"]
[BlackElo "2459"]
[PlyCount "41"]
[SourceDate "2007.11.09"]

1. e4 e5 2. Nf3 Nf6 3. Nxe5 d6 4. Nf3 Nxe4 5. d4 d5 6. Bd3 Nc6 7. O-O Be7 8. c4
Nf6 9. cxd5 Nxd5 10. Nc3 Be6 11. a3 O-O (11... Qd7 12. Bb5 f6 13. Re1 a6 14.
Ba4 Bf7 15. Qe2 b5 16. Bc2 O-O 17. Nxd5 Bxd5 18. Qd3 g6 19. Bb3 Rfd8 20. Bf4
Bf8 21. Rac1 Rac8 22. h3 Kg7 23. Bxd5 {
1/2-1/2 Karpov,A-Larsen,B/Bugojno 1980/MCD}) 12. h3 (12. Bc2 Bf6 13. h3 Re8 14.
Re1 a6 15. Be3 Nxc3 16. bxc3 Bd5 17. Bf4 Rxe1+ 18. Nxe1 Ne7 19. Nd3 Ng6 20. Bg3
{1/2-1/2 Huebner,R-Jussupow,A/Ter Apel 1997/CBM 058}) 12... Bf6 13. Qc2 g6 14.
Bh6 Bg7 15. Bxg7 Kxg7 16. Bb5 Nce7 17. Rfe1 Nf5 18. Rad1 c6 19. Bd3 Nh4 20.
Nxh4 Qxh4 21. Re4 {Diagrama #} 1/2-1/2

[Event "Campeonato de España Absoluto"]
[Site "Ayamonte"]
[Date "2007.11.10"]
[Round "2"]
[White "Khamrakulov, Ibragim"]
[Black "Huerga Leache, Mikel"]
[Result "1/2-1/2"]
[WhiteElo "2604"]
[BlackElo "2440"]
[PlyCount "62"]
[SourceDate "2007.11.09"]

1. e4 c5 2. c3 d5 3. exd5 Qxd5 4. d4 Nf6 5. Nf3 e6 6. Na3 Qd8 7. Bf4 Nc6 8.
dxc5 Nd5 9. Bd6 Bxd6 10. cxd6 Qxd6 11. Nb5 Qe7 12. c4 a6 13. Nbd4 (13. cxd5
exd5+ 14. Be2 axb5 15. O-O b4 16. Qxd5 O-O 17. Bd3 Qf6 18. Rae1 Ra5 19. Qb3 Be6
20. Bc4 Bxc4 21. Qxc4 Qxb2 22. Re2 Qc3 23. Qe4 h6 24. Rfe1 Qf6 25. h3 Rd8 26.
Qc2 g6 27. Qc4 Kg7 28. Re4 Qc3 29. Qxc3+ bxc3 30. Rc4 Rd3 31. Rc1 Rxa2 32.
R4xc3 Rxc3 33. Rxc3 Ra1+ 34. Kh2 Ra8 35. g4 Kf6 36. h4 Ra4 37. Kg3 Ke6 38. Rb3
Rb4 39. Rc3 Kd6 40. Rd3+ Kc7 41. Rc3 Re4 42. Nd2 Rd4 43. Nf3 Rd5 44. Ne1 b5 45.
Nc2 Kb6 46. Rf3 Rc5 47. Ne3 Ne5 48. Rf6+ Rc6 49. Rf4 Kc5 50. Nc2 Rd6 51. h5 g5
52. Re4 Rd3+ 53. Kg2 Nc4 54. Re7 Rd2 55. Na1 Kb4 56. Rxf7 Ra2 57. Rf6 Rxa1 58.
Rxh6 Kc3 59. Rh8 b4 60. h6 b3 61. Rg8 Ra7 62. f4 gxf4 63. Kf3 Rf7 64. g5 Ne5+
65. Kf2 b2 66. Rc8+ Kd4 67. Rb8 Ke4 68. Rxb2 Kf5 69. Rb5 Re7 70. Ra5 Kg6 71.
Rb5 Re8 72. Rb7 Kxg5 73. h7 Rh8 74. Rg7+ Kh6 {
0-1 Van der Werf,M-Hulak,K/Wijk aan Zee 1995/CBM 046}) 13... Ndb4 14. a3 Nxd4 (
14... e5 15. Nxc6 Nxc6 16. Be2 O-O 17. O-O Rd8 18. Qe1 e4 19. Nd2 Bf5 20. Bd1
Qe5 21. Ra2 Rd6 22. Nb1 e3 23. Nc3 Bd3 24. Be2 exf2+ 25. Rxf2 Nd4 26. b4 Bxc4
27. Rd2 Rad8 28. Qd1 Nxe2+ 29. Rfxe2 Bxe2 30. Rxd6 Rxd6 {
0-1 Khmelnitsky,I-Rohde,M/Philadelphia 1992/TD}) 15. Nxd4 Nc6 16. Nxc6 bxc6 17.
Be2 O-O 18. O-O c5 19. Bf3 Rb8 20. Rb1 Rd8 21. Qe2 a5 22. Qe1 Qc7 23. b4 cxb4
24. axb4 axb4 25. Rxb4 Rxb4 26. Qxb4 Ba6 27. Be2 g6 28. Ra1 Qe5 29. Qa5 Qxa5
30. Rxa5 Bb7 31. f3 Kf8 {Diagrama #} 1/2-1/2

[Event "Campeonato España Absoluta"]
[Site "Ayamonte"]
[Date "2007.11.11"]
[Round "3.1"]
[White "Illescas Cordoba, Miguel"]
[Black "Moreno Ruiz, Javier"]
[Result "1-0"]
[WhiteElo "2598"]
[BlackElo "2466"]
[PlyCount "89"]
[EventDate "2007.??.??"]
[SourceDate "2007.11.09"]

1. d4 Nf6 2. Nf3 e6 3. c4 Bb4+ 4. Nc3 c5 5. g3 Ne4 6. Qd3 cxd4 7. Nxd4 Qa5 8.
Nb3 Nxc3 9. Bd2 (9. Nxa5 Ne4+ 10. Bd2 Bxd2+ 11. Qxd2 Nxd2 12. Kxd2 $11) 9...
Ne4 10. Qxe4 Bxd2+ 11. Nxd2 O-O 12. Bg2 Nc6 13. Qd3 d5 (13... Qe5 14. Rb1 d5
15. O-O Rd8 16. b4 Qf6 17. Rfd1 dxc4 18. Qxc4 Rd4 19. Qc3 Rxb4 20. Qxf6 gxf6
21. Ne4 Rxb1 22. Rxb1 f5 23. Nd6 Nd8 24. f4 Rb8 25. Kf2 Bd7 26. Ke3 Kf8 27. Rb3
b6 28. Ra3 a5 29. Rc3 b5 30. Kd4 Ke7 31. Kc5 b4 32. Re3 Kf8 33. Rd3 a4 34. Rd2
Ke7 35. e4 fxe4 36. Bxe4 f5 37. Bf3 b3 38. axb3 Rxb3 39. Bd1 Rb1 40. Bc2 Nb7+
41. Kd4 Rb6 42. Nc4 Ra6 43. Rd3 Bb5 44. Ra3 Rc6 45. Ne3 Nc5 46. h3 h5 47. Bd1
Ne4 48. g4 Rd6+ 49. Ke5 Nf6 50. gxf5 Nd7+ {
0-1 Izeta Txabarri,F-De la Villa Garcia,J/Andorra 1987}) 14. cxd5 Rd8 15. O-O
exd5 16. Rfd1 (16. Nf3 d4 17. Rfd1 Bf5 18. Qd2 Qb6 19. Ne1 Re8 {
1/2-1/2 Hutters,T-Berg,K/Denmark 1996}) 16... d4 17. Nb3 Qb6 18. Rac1 (18. Bxc6
$5 bxc6 19. Qe4 Be6 (19... Ba6 20. Rac1 Rac8 21. Nxd4 Qxb2 22. Nxc6 Re8 23. Rc2
Qf6 24. Qf3 Bxe2 25. Qxf6 gxf6 26. Ne7+ Kf8) 20. Nxd4 Bd5 21. Qc2) 18... Be6
19. Nc5 Bd5 20. Bxd5 Rxd5 21. Qc4 Rd6 22. Qb3 Na5 ({más natural es} 22... Qxb3
23. Nxb3 Kf8) 23. Qxb6 axb6 24. Nd3 Nc6 25. a3 h6 26. Rc2 {
en cambio ahora el negro está atado a b6 y d4} Kh7 27. Ne1 {
preparando tanto Cf3 como Td3-Tb3} Re6 28. Rd3 b5 29. b4 {corta de raiz la
liberadora b4 y permite el canje de d4 por a3 porque ha visto más lejos...} Ne5
30. Rxd4 Rxa3 31. Kg2 Nc6 ({si} 31... Re7 32. Rd5 {
el blanco presionaría en el ala de dama, por ejemplo} Rb3 (32... Nc6 33. Rb2
Re5 34. Rd7 Re7 35. Rxe7 Nxe7 36. Nc2 Ra6 37. Nd4 Rb6 38. e4 Nc6 39. Nf5 g6 40.
Ne3) 33. Rxb5 Nc6 34. Rb6 Nd4 35. Rd2 Nxe2 36. Nd3 Rd7 37. Nc5 Rxg3+ 38. hxg3
Rxd2 39. Rxb7) 32. Rd7 Nxb4 33. Rb2 Na2 34. Rxf7 Nc3 35. e3 Rb6 36. Rd2 {
ahora es el rey negro el atacado} Ne4 37. Rdd7 Rg6 38. Rfe7 (38. Nf3 $5 Ra2 (
38... Ng5 39. Nxg5+ hxg5 40. Rxb7 Ra5 41. Rf5) 39. Nh4 Rg4 40. Rf8 $1 b4 41.
Rdd8 Rxf2+ 42. Rxf2 Nxf2 43. Kxf2 b3 44. Rd2 Ra4 45. Kf3 Ra2 46. Rd3 Ra3 47.
Rd4) 38... Nd6 39. h4 Nf5 40. Rf7 Nd6 (40... Nxh4+ $4 41. Kf1) 41. Rf8 Re6 (
41... Ne4 42. Re7 $1 (42. h5 Rf6 43. Rxf6 Nxf6 44. Rxb7 Ra5 45. Nf3 Nxh5 46.
Nd4 Nf6 47. Rxb5) 42... Nc5 43. Ree8 Rf6 44. Rh8+ Kg6 45. h5+ Kf5 46. Nc2 $18)
42. Nc2 Ra6 43. Nb4 Ra4 44. Nd5 Rc4 45. h5 1-0

[Event "Campeonato España Absoluta"]
[Site "Ayamonte"]
[Date "2007.11.11"]
[Round "3.1"]
[White "Lopez Martinez, Josep"]
[Black "Oms Pallise, Josep"]
[Result "1/2-1/2"]
[WhiteElo "2563"]
[BlackElo "2506"]
[PlyCount "92"]
[EventDate "2007.??.??"]
[SourceDate "2007.11.09"]

1. e4 c5 2. Nf3 Nc6 3. d4 cxd4 4. Nxd4 g6 5. c4 Nf6 6. Nc3 d6 7. Nc2 Bg7 8. Be2
O-O 9. O-O Nd7 10. Bd2 Nc5 11. b4 Ne6 (11... Bxc3 12. Bxc3 Nxe4 13. Bb2 $44)
12. Rb1 (12. Rc1 {Pigusov-Reinderman, Ohrid 2001}) 12... Ncd4 (12... a5 13. a3
(13. b5 Ncd4 14. Nxd4 Nxd4 15. b6 e6 16. Be3 Nxe2+ 17. Nxe2 Bd7 18. Qd3 Bc6 19.
Rfd1 Qh4 20. f3 Rfd8 21. Bf2 Qg5 22. Nd4 Ba4 23. Rd2 d5 24. exd5 exd5 25. c5
Rac8 26. Nb5 Bxb5 27. Rxb5 $14 {
1-0 Milos,G-Spangenberg,H/Villa Gesell 1996/CBM 52 (73)}) 13... axb4 14. axb4
Ncd4 15. Bd3 Bd7 16. Nxd4 Nxd4 17. Qc1 e6 18. Bh6 Bxh6 19. Qxh6 Qf6 20. Qc1 Qg7
21. Rd1 Rfc8 22. Bf1 Ba4 23. Nxa4 Rxa4 24. Qb2 e5 25. Ra1 Raa8 26. Ra5 Qf8 27.
Rda1 Rxa5 28. Rxa5 Qe7 29. Ra7 Nc6 30. Ra1 Qh4 31. Bd3 Nd4 32. h3 h5 33. Ra7
Qe7 34. Qd2 Kg7 35. Bf1 Nc6 36. Ra3 Rd8 37. Ra4 Qc7 38. Qe3 Nd4 39. h4 Qc6 40.
Ra2 Qb6 41. Qa3 Nc6 42. Rb2 Qd4 43. b5 Ne7 44. Bd3 Ng8 45. Rc2 Nf6 46. Qc3 Qxc3
47. Rxc3 Ra8 48. c5 Ra1+ 49. Kh2 dxc5 50. b6 c4 51. Bc2 Ra6 52. Rxc4 Rxb6 53.
f3 Rc6 54. Rxc6 bxc6 55. Kg3 Kf8 56. f4 exf4+ 57. Kxf4 Ke7 58. Ba4 c5 59. Bb5
Nd7 60. e5 Nb6 61. Ke4 c4 62. Kd4 Ke6 63. Bc6 c3 64. Kxc3 Kxe5 65. Kd3 Nc8 66.
Ke2 Nd6 67. g3 Ne4 68. Kf3 f5 69. Be8 Kf6 70. Bc6 Nc5 71. Kg2 Ne6 72. Be8 Ng7
73. Bc6 Ke7 74. Bb5 Ne6 75. Bc6 Nd8 76. Bb5 Nf7 77. Kf3 Kf6 78. Be8 Ne5+ 79.
Kf4 Nd3+ 80. Kf3 {1/2-1/2 Illescas Cordoba,M-Ljubojevic,L/Linares 1993}) 13.
Nxd4 Nxd4 14. Bd3 (14. Nd5 e6 15. Ne3 b6 16. Bd3 Bb7 17. Nc2 (17. Re1 Qc7 18.
Nc2 Nxc2 19. Qxc2 Rac8 20. Rbc1 {1/2-1/2 Ostojic,N-Popovic,D/Kragujevac 2000})
17... Nxc2 18. Qxc2 Rc8 19. Qa4 Rc7 20. Be3 Qa8 21. f3 f5 $132 {
0-1 Sokolov,I-Reinderman,D/Rotterdam  1999}) 14... a6 (14... Bd7 15. Re1 Rc8
16. a4 Kh8 17. Rc1 a5 18. b5 b6 19. Bg5 Ne6 20. Bh4 Bxc3 21. Rxc3 f6 22. Qd2
Nc5 23. Bc2 Qe8 24. f4 Be6 25. Qe2 Nd7 26. Bb3 Rc7 27. Qf1 Rg8 28. Bf2 Nc5 29.
Bc2 Qa8 30. Bd4 Rgc8 31. Qf2 Qa7 32. Qh4 Kg8 33. f5 Bf7 34. Rh3 h5 35. fxg6
Bxg6 36. Rg3 Kf7 37. Rxg6 Kxg6 38. e5+ f5 39. exd6 exd6 40. Bxf5+ Kf7 41. Qxh5+
{1-0 Conquest,S-Hodgson,J/Douglas 2005}) (14... b6 15. f4 a5 16. a3 $5) 15. Nd5
e6 16. Ne3 b5 17. a4 bxc4 18. Nxc4 d5 19. exd5 exd5 20. Na5 Qh4 {Diagrama #}
21. Be3 $2 (21. Re1 Bg4 22. f3 Bd7 $11) 21... Bg4 22. f3 Be5 23. g3 Bxg3 24.
Rb2 Bh3 (24... Nxf3+ 25. Rxf3 Qh5 26. hxg3 Bxf3 27. Qf1 Qh1+ 28. Kf2 Qh2+ 29.
Kxf3 Qxb2 $19) 25. hxg3 Qxg3+ 26. Kh1 Bxf1 27. Bxd4 Qh4+ (27... Bxd3 28. Qxd3
Rfe8 29. Rg2 Re1+ 30. Bg1 Qh4+ 31. Rh2 Qxb4 $19) 28. Rh2 Qxd4 29. Qxf1 Qxb4 $6
(29... Rfc8) 30. Nc6 Qd6 31. Nd4 Rfe8 32. Re2 Qb4 33. Qa1 {Diagrama #} a5 $2 (
33... Rxe2 34. Bxe2 $19 Re8) 34. Nf5 $1 d4 (34... Qf8 $5 35. Rh2 h5 (35... f6
36. Nh6+ Kg7 (36... Kh8 37. Ng4 Re6 38. Bxg6) 37. Nf5+ Kh8 (37... gxf5 $2 38.
Qg1+ Kh8 39. Rxh7+ $1 Kxh7 40. Bxf5+ Kh8 41. Qh2+ $18) 38. Qg1 Qa3 $8 39. Nh4
g5 $8 40. Qd4 Qd6 41. Ng2 Re7 42. Ne3 $44) 36. Bb5 Re6 37. Nd4 Rf6 $15) 35.
Qxd4 Qxd4 36. Nxd4 Rxe2 37. Bxe2 Kg7 $11 38. Kg2 Rd8 39. Nc6 Rc8 40. Bb5 Ra8
41. Kg3 Kf6 42. Bc4 h5 43. f4 Rc8 44. Bb5 Ra8 45. Bc4 Rc8 46. Bb5 Ra8 {
Podría prepararse f6 y g5 aunque el blanco contestaría con f5 intentando
dificultar el progreso del rey negro.} 1/2-1/2